Statistiques concernant Culture Générale - Religion #1

Cliquez ici pour prendre le quiz!

Statistiques générales

  • Ce quiz a été pris 26 423 fois
  • Le résultat moyen est 9 sur 20

Statistiques - réponses

QuestionRéponse% Correct
Qui est le dieu suprême de la mythologie grecque ?Zeus
99%
Quel est l'animal le plus sacré de l'hindouisme ?Vache
82%
Qui est le dieu nordique du Tonnerre ?Thor
73%
Quelle série de guerres saintes prit place entre 1095 et 1291 ?Croisades
71%
Qui a vaincu Goliath et rédigé les Psaumes ?David
66%
D'après la Bible, dans quelle ville Jésus est-il né ?Bethléem
47%
Quel saint a donné son nom aux massacres qui ont eu lieu le 24 août 1572 ?Saint-Barthélemy
46%
Quelle religion, dérivée du christianisme, est majoritaire en Utah ?Mormonisme
42%
Pour les catholiques, quel est le lieu de purification des âmes après la mort ?Purgatoire
41%
Quel est l'équivalent du Paradis dans les Enfers de la mythologie grecque ?Champs {Élysées}
40%
Quel roi ayant eu 6 femmes est considéré comme le fondateur de l'anglicanisme ?Henri VIII
39%
Quelle divinité de la mythologie égyptienne est représentée avec une tête de chacal ?Anubis
35%
Quel département français est peuplé à 95% par des musulmans ?Mayotte
35%
Dans quelle ville est enterré le prophète Muhammad ?Médine
33%
Quel est le dernier livre du Nouveau Testament ?Apocalypse
30%
Quel nom désigne le pèlerinage islamique vers La Mecque ?Hajj
27%
Quelle est la religion autochtone du Japon ?Shintoïsme
27%
Dans la religion hindoue, quel dieu est à la fois le créateur et le destructeur du monde ?Shiva
26%
Chez les bouddhistes, quel mot signifie à la fois l'Éveil et la libération de la souffrance ?Nirvana
22%
Quel futur empereur romain fit détruire le Temple de Jérusalem en l'an 70 de notre ère ?Titus
9%

Distribution des résultats

Percentile par nombre de réponses

% des personnes avec chaque résultat

Votre développement - résultats

Vous n’avez pas pris ce quiz